000 01077nam a2200193Ii 4500
003 JO-AjNU
008 230605s9999||||xx |||||||||||||| ||und||
040 _aJO-AjNU
_bara
_erda
_cJO-AjNU
041 _aara
050 1 4 _aDS154.6.A22 2007
100 3 _aالجامعه الهاشمية,
_eauthor
_949574
245 0 0 _aأصداء الخطاب التاريخي لصاحب الجلالة الهاشمية الملك عبدالله الثاني ابن الحسين المعظم أمام الكونغرس الأمريكي واشنطن الولايات المتحدة الامريكية الاربعاء 17 صفر 1428هجري /7اذار 2007 م
264 3 1 _aالزرقاء: الجامعة الهاشمية، 2007
300 _a215ص بالغة العربية/40ص باللغة الانجليزية
_bصور فوتوغرافية
336 _atext
_btxt
_2rdacontent
337 _aunmediated
_bn
_2rdamedia
338 _avolume
_bnc
_2rdacarrier
650 4 _aالاردن تاريخ- خطاب الملك عبدالله الثاني-في الونغرس الامريكي 2007
_949575
999 _aA21782
_c25350
_d25350